| 000 | 00725cam a2200265 4500 | ||
|---|---|---|---|
| 001 | 2066951 | ||
| 003 | ARRUPE | ||
| 005 | 20131023132451.0 | ||
| 008 | 711130s1963 nyu b 000 0 eng u | ||
| 010 | _z 63008413 | ||
| 035 | _a(OCoLC)ocm00176449 | ||
| 035 | _a(NNC)2066951 | ||
| 040 |
_cKEN _dOCL _dZCU |
||
| 050 |
_aHV5825 _b.B4 |
||
| 090 |
_aHV5825 _b.B4 |
||
| 100 | 1 |
_aBecker, Howard Saul, _d1928- _92780 |
|
| 245 | 1 | 0 |
_aOutsiders; _bstudies in the sociology of deviance. |
| 260 |
_aNew York, _bFree Press _c[1963] |
||
| 300 |
_a179 p. _c22 cm. |
||
| 504 | _aIncludes bibliography. | ||
| 650 | 0 |
_aDrug addicts. _92781 |
|
| 650 | 0 |
_aMusicians _zUnited States. _92782 |
|
| 942 |
_2lcc _cMONOGRAPH |
||
| 999 |
_c118409 _d118409 |
||